|
|
|
|
| LEADER |
00000nam0a2200000 4500 |
| 001 |
195208 |
| 005 |
20231101224619.0 |
| 010 |
|
|
|a 9785939728232
|
| 035 |
|
|
|a (RuTPU)RU\TPU\book\212945
|
| 090 |
|
|
|a 195208
|
| 100 |
|
|
|a 20110504d2010 k y0rusy50 ca
|
| 101 |
0 |
|
|a rus
|
| 102 |
|
|
|a RU
|
| 105 |
|
|
|a a z 001zy
|
| 200 |
1 |
|
|a Эксплуатация подземных хранилищ газонефтепродуктов в отложениях каменной соли
|f В. А. Казарян [и др.]
|
| 210 |
|
|
|a Москва
|c Регулярная и хаотическая динамика
|a Ижевск
|c Институт компьютерных исследований
|d 2010
|
| 215 |
|
|
|a 456 с.
|c ил.
|
| 225 |
1 |
|
|a Современные нефтегазовые технологии
|
| 320 |
|
|
|a Библиогр.: с. 453-455.
|
| 330 |
|
|
|a В книге рассматриваются актуальные вопросы, связанные с крупномасштабным подземным хранением газообразных и жидких продуктов в основном газонефтепродуктов в резервуарах, созданных в отложениях каменной соли. Дается анализ существующих и перспективных способов эксплуатации подземных хранилищ газонефтепродуктов. В разделе "Безрассольный способ эксплуатации хранилищ" приводится способ эксплуатации с применением газоструйных компрессоров. Показана техническая и экономическая целесообразность применения газоструйных компрессоров при эксплуатации подземных хранилищ газообразных продуктов. Изложена технология строительства и эксплуатации подземных и наземных рассолохранилищ. Даются рекомендации по поддержанию стабильной концентрации и объёма рассола в рассолохранилище в различных климатических условиях эксплуатации. Рассматривается применение струйных аппаратов при строительстве и эксплуатации подземных хранилищ. Излагается методика расчёта основных параметров струйных аппаратов. Приводятся результаты исследования влажности природного газа при эксплуатации подземных хранилищ, созданных в отложениях каменной соли. Рассматривается процесс изменения влагосодержания природного газа при его закачке в подземный резервуар, хранении и отборе из подземного резервуара. Рассматривается технология первого заполнения хранимым продуктом подземного резервуара. Рассматриваются конструкции эксплуатационных скважин и их ремонт. Книга представляет интерес для инженерно-технических работников газовой, нефтяной, нефтеперерабатывающей, нефтехимической промышленности, а также для студентов, аспирантов и научных работников соответствующего профиля.
|
| 606 |
1 |
|
|a Газонефтехранилища подземные
|2 stltpush
|3 (RuTPU)RU\TPU\subj\5089
|9 33250
|
| 610 |
1 |
|
|a газонефтепродукты
|
| 610 |
1 |
|
|a потребление
|
| 610 |
1 |
|
|a неравномерность
|
| 610 |
1 |
|
|a подземные хранилища
|
| 610 |
1 |
|
|a эксплуатация
|
| 610 |
1 |
|
|a рассолохранилища
|
| 610 |
1 |
|
|a струйные аппараты
|
| 610 |
1 |
|
|a применение
|
| 610 |
1 |
|
|a природный газ
|
| 610 |
1 |
|
|a влажность
|
| 610 |
1 |
|
|a подземные резервуары
|
| 610 |
1 |
|
|a первое заполнение
|
| 610 |
1 |
|
|a эксплуатационные скважины
|
| 610 |
1 |
|
|a конструкции
|
| 610 |
1 |
|
|a ремонт
|
| 675 |
|
|
|a 622.692.24
|v 3
|
| 701 |
|
1 |
|a Казарян
|b В. А.
|g Вараздат Амаякович
|
| 701 |
|
1 |
|a Цыбульский
|b П. Г.
|g Павел Геннадьевич
|
| 701 |
|
1 |
|a Богданов
|b Ю. М.
|g Юрий Максимович
|
| 701 |
|
1 |
|a Салохин
|b В. И.
|g Владимир Иванович
|
| 702 |
|
1 |
|a Казарян
|b В. А.
|g Вараздат Амаякович
|4 340
|
| 801 |
|
1 |
|a RU
|b 63413507
|c 20110504
|
| 801 |
|
2 |
|a RU
|b 63413507
|c 20140723
|g RCR
|
| 942 |
|
|
|c BK
|
| 959 |
|
|
|a 44/20110427
|d 1
|e 690,00
|f ЧЗТЛ:1
|